Responses for Show #5458 - Wednesday, May 7, 2008

2008 College Championship quarterfinal game 3.
From the Kohl Center at the University of Wisconsin-Madison.

Contestants

[<< previous game]

Dara Lind, a junior from Yale University

Andrew Chung, a sophomore from Harvey Mudd College

Joey Beachum, a senior from Mississippi State University

[next game >>]

Jeopardy! Round responses

LITERATURE
COLLEGE SPORTS FILMS
FACTS FROM ALMANACS
I LIKE TO DECORATE
ANIMAL HOUSE
GOT "LK"
    $200 8
Friday

Joey
    $200 9
Notre Dame

Joey
    $200 1
Islam

Dara
    $200 14
a rug

Dara
    $200 26
beavers

Joey
    $200 6
The Boardwalk

Dara
    $400 15
Little Women

Dara
    $400 10
(Joey: [As [*]] Who is [*]?)
(Alex: You did that--you did that very well, too well, I fear!)

Forrest Gump

Joey
    $400 2
(Dara: What is New Hampshire?)

Delaware

JoeyDara
    $400 22
luau

Andrew
    $400 27
ants

Andrew
    $400 7
the elk

Dara
    $500 16
Oliver Twist

Dara
    $600 11
high-diving

Joey
    $600 3
a leopard

Andrew
    $600 23
(Dara: What is Malaysia?)

India

Dara
Triple Stumper
    $600 28
nests

Andrew
    $600 19
James K. Polk

Joey
    $800 17
Sir Walter Scott

Triple Stumper
    $800 12
We Are Marshall

Joey
    $800 4
Old Glory

Andrew
    $800 24
(Andrew: What is a jewel?)

a coin

Andrew
Triple Stumper
    $800 29
a hermit crab

Andrew
    $800 20
Valkyries

Joey
    $1000 18
(Alex: The Mystery of [*]. Mary Rogers--[*].)

Marie Roget

Triple Stumper
    $1000 13
(Joey: What is University of Texas at El Paso?)

University of Kentucky

Joey
Triple Stumper
    $1000 5
Richard Nixon

Joey
    $1000 25
distressing

Andrew
    $1000 30
a coop (or co-op)

Andrew
    $1000 21
(Dara: What is a mollusk?)

a whelk

AndrewDara

Scores at the first commercial break (after clue 15):

Joey Andrew Dara
$2,600 $1,400 $1,000

Scores at the end of the Jeopardy! Round:

Joey Andrew Dara
$4,200 $5,800 -$100

Double Jeopardy! Round responses

OFF TO COLLEGE
THE FRENCHMAN CLASS
HOW SOPHOMORIC!
I'M GOING TO BE A JUNIOR
SENIOR YEAR
G"RAD" SCHOOL
    $400 11
Brown

Andrew
    $400 26
Dumas

Joey
    $400 21
Wikipedia

Dara
    $400 16
Cal Ripken, Jr.

Dara
    $400 2
Israel

Andrew
    $400 1
comrade

Joey
    $800 12
Marquette

Joey
    $800 27
The Little Prince

Andrew
    $800 22
the Whopper

Dara
    $800 17
Bill Cosby

Dara
    $2,000 3
(Andrew: I should have made it a True Daily Double!)

Susan B. Anthony

Andrew
    $800 7
a radical

Dara
    $1200 13
Georgetown

Andrew
    $1200 28
Victor Hugo

Dara
    $1200 23
the Rose Bowl

Joey
    $1200 18
Cuba Gooding, Jr.

Joey
    $1200 4
Isaac Newton

Andrew
    $1200 8
extradite

Andrew
    $1600 14
the University of Chicago

Triple Stumper
    $1600 29
Voltaire

Dara
    $1600 24
the Sacred Cod

Triple Stumper
    $1600 19
Hank Williams, Jr.

Joey
    $1600 5
(Alex: [*]. "Lighthorse Harry", yes.)

Henry Lee

Joey
    $1600 9
straddle

Joey
    $2000 15
Rice

Dara
    $2000 30
(Gustave) Flaubert

Dara
    $2,000 25
James Fenimore Cooper

Joey
    $2000 20
Dale Earnhardt, Jr.

Joey
    $2000 6
Verdi

Dara
    $2000 10
eradicate

Joey

Scores at the end of the Double Jeopardy! Round:

Joey Andrew Dara
$19,000 $13,000 $11,900

Final Jeopardy! Round responses

U.S. PRESIDENTS
DaraWho was John Quincy Adams?
$11,900
AndrewWho is T. Roosevelt?
$6,002
JoeyWho is T. Roosevelt
$8,000
Teddy Roosevelt

Final scores:

Joey Andrew Dara
$27,000 $19,002 $0
Automatic semifinalist 2nd place: $5,000 if eliminated 3rd place: $5,000

Game dynamics:

Coryat scores:

Joey Andrew Dara
$19,000 $11,800 $12,000
21 R
(including 1 DD),
1 W
16 R
(including 1 DD),
1 W
16 R
(including 1 DD),
3 W

Combined Coryat: $42,800

[game clues] [game scores] [suggest correction]

Game tape date: 2008-04-11
The J! Archive is created by fans, for fans. Scraping, republication, monetization, and malicious use prohibited; this site may use cookies and collect identifying information. See terms. The Jeopardy! game show and all elements thereof, including but not limited to copyright and trademark thereto, are the property of Jeopardy Productions, Inc. and are protected under law. This website is not affiliated with, sponsored by, or operated by Jeopardy Productions, Inc. Join the discussion at JBoard.tv.